Statistiken für Abkürzungen [2] - Silben- und Mischkurzworte

Klicken Sie hier um das Quiz zu spielen!

Allgemein

  • Dieses Quiz wurde 494 mal gespielt
  • Das Durchschnittsergebnis liegt bei 8 aus 15

Antwortstatistiken

Kurzwortvollständiges Wort% Korrekt
AzubiAuszubildender
97%
KripoKriminalpolizei
95%
KitaKindertagesstätte
93%
SchiriSchiedsrichter
93%
StasiStaatssicherheitsdienst
77%
MofaMotorfahrrad
68%
GestapoGeheime Staatspolizei
51%
TrafoTransformator
49%
IsomatteIsoliermatte
47%
TelkoTelefonkonferenz
44%
HiwiHilfswissenschaftler
40%
BufdiBundesfreiwilligendienstleistender
32%
FlakFlugabwehrkanone
28%
MopedMotorpedalfahrrad
6%
UnimogUniversal-Motor-Gerät
6%

Verteilung der Resultate

Perzentil nach korrekt beantworteten Fragen

Anzahl Personen mit jedem Resultat

Ihre Resultats-Entwicklung

Sie haben dieses Quiz noch nicht gespielt